=LDR 00000nam 2200000 4500 =001 INLIS000000000022227 =005 20130612121015 =008 ***********************************Ind** =035 ##$$0010-061300000022227 =041 ##$$a Ind =082 ##$$a 028.5 =090 ##$$a 028.5, Doy t =100 ##$$a Doyle, Sir Arthur Conan =245 ##$$a The sign og four, Sir Arthur Conan Doyle =260 ##$$a 1983 $b Jakarta =300 ##$$a 58 hlm, 21 cm =650 ##$$a Bacaan anak-anak =850 ##$$a NBPNMAT